Statistics for Tears for Fears Songs

Click here to take the quiz!

General Stats

  • This quiz has been taken 28 times
  • The average score is 18 of 69

Answer Stats

Answer% Correct
Everybody Wants to Rule the World
94%
Shout
89%
Sowing the Seeds of Love
89%
Head Over Heels
78%
Mad World
72%
Woman in Chains
67%
Change
56%
Pale Shelter
56%
The Hurting
56%
The Working Hour
56%
Mothers Talk
44%
The Tipping Point
44%
Advice for the Young at Heart
39%
Broken
39%
Raoul and the Kings of Spain
39%
Watch Me Bleed
39%
Break it Down Again
33%
Elemental
33%
I Believe
33%
Listen
33%
Suffer the Children
33%
The Prisoner
33%
Cold
28%
Everybody Loves a Happy Ending
28%
Goodnight Song
28%
Start of the Breakdown
28%
Year of the Knife
28%
Brian Wilson Said
22%
Falling Down
22%
Last Days on Earth
22%
Long, Long, Long Time
22%
Memories Fade
22%
My Demons
22%
Secret World
22%
Swords and Knives
22%
Break the Man
17%
Closest Thing to Heaven
17%
Famous Last Words
17%
Fish Out of Water
17%
Master Plan
17%
Mr. Pessimist
17%
No Small Thing
17%
Power
17%
Rivers of Mercy
17%
Standing on the Corner of the Third World
17%
Stay
17%
Bad Man's Song
11%
End Of Night
11%
God's Mistake
11%
Ladybird
11%
Los Reyes Catolicos
11%
Los Reyes Catolicos (Reprise)
11%
Me and My Big Ideas
11%
Please Be Happy
11%
Secrets
11%
Sketches of Pain
11%
Sorry
11%
Who You Are
11%
Call Me Mellow
6%
Dog's a Best Friend's Dog
6%
Don't Drink the Water
6%
Gas Giants
6%
Ideas as Oplates
6%
Killing with Kindness
6%
Quiet Ones
6%
Size of Sorrow
6%
Queens of Compromise
0%
The Devil
0%
Who Killed Tangerine?
0%

Score Distribution

Percentile by Number Answered

Percent of People with Each Score

Your Score History

You have not taken this quiz